MARC

LEADER 00000nas a2200000 a 4500
001 ssj0007287
003 WaSeSS
005 20200512172242.0
006 m d
007 cr n
008 990923c19949999enkbr pss 0 0eng c
010 |a  2008268047 
015 |a GBB400072  |2 bnb 
016 7 |a 9433357  |2 DNLM 
016 7 |a SR0078509  |2 DNLM 
016 7 |a 012088585  |2 Uk 
022 |a 1477-0989  |l 0969-7330  |y 0969-7330 
035 |a (WaSeSS)ssj0007287 
040 |a F#A  |b eng  |c F#A  |d OCLCQ  |d SBH  |d FQM  |d MUQ  |d CO3  |d OCLCQ  |d S4S  |d OCLCQ  |d AGL  |d COO  |d VT2  |d OCLCQ  |d OCLCF  |d OCLCQ  |d CASUM  |d OCLCO  |d OCLCA  |d Z5A  |d OCLCO  |d WT2  |d OCLCQ  |d NLE  |d APUMS  |d EZC  |d OCLCO  |d U3W  |d OCLCQ  |d TOF  |d AU@  |d OCLCO  |d WYU  |d OCLCO  |d UKMGB  |d AUD  |d OCLCA  |d TKN  |d OCLCA  |d NJT  |d OCLCA  |d OCLCQ  |d WaSeSS 
042 |a pcc 
050 0 0 |a RT85  |b .N878 
060 0 0 |a W1  |b NU5957 
070 0 |a RT85  |b .N878 
082 1 0 |a 610.7301 
082 0 4 |a 174.2 
130 0 |a Nursing ethics (Online) 
245 1 0 |a Nursing ethics  |h [electronic resource]. 
260 |a [London] :  |b Edward Arnold Pub. 
310 |a Six issues a year,  |b 1997- 
321 |a Four issues a year,  |b 1994-1996 
362 1 |a Print began with vol. 1, no. 1 (Mar. 1994). 
500 |a Published: Sage, 2006- 
506 |a License restrictions may limit access. 
538 |a Mode of access: World Wide Web. 
588 0 |a Vol. 4, no. 5 (1997); title from journal information screen (viewed Sept. 14, 1999). 
588 1 |a Vol. 20, no. 7 (Nov. 2013) (Sage, viewed Nov. 26, 2013). 
650 0 |a Nursing ethics  |v Periodicals. 
650 1 2 |a Ethics, Medical. 
650 1 2 |a Ethics, Nursing. 
650 6 |a Infirmières  |x Déontologie  |v Périodiques. 
650 7 |a Nursing ethics.  |2 fast  |0 (OCoLC)fst01041889 
650 1 7 |a Verpleegkunde.  |2 gtt 
650 1 7 |a Ethiek.  |2 gtt 
653 |a Health and social care 
655 0 |a Electronic journals. 
776 0 8 |i Print version:  |t Nursing ethics  |x 0969-7330  |w (DLC)sn 94038858  |w (OCoLC)31205934 
856 4 0 |z Full text available from Research Library: 01/01/1997 to 12/31/2015  |u https://search.proquest.com/publication/34099